00881nam a2200241 a 450000100100000000300100001000500170002000800410003702000150007804000220009310000210011524501390013626000370027530000270031249000390033950400360037860000340041465000410044865100480048970000260053770000370056383000390060000001525600001525620140709105501.0100203s2005 dr a 000 0 spa d z999341011X aBPMETbspacBPMET1 aCassá, Roberto10aAntonio Duvergé :bprimer guerrero de la independencia /cRoberto Cassá ; ilustraciones Ramiro Manzano, José Manuel Rodríguez. aSanto Domingo :bTobogan,c2005. a49 p. :bil. ;c21 cm.1 aBibliografías Dominicana Tobogan aIncluye bibliografías [p. 49]14aDUVERGÉ, ANTONIOd1807-1855 4aREPÚBLICA DOMINICANAxBIOGRAFÍAS 4aREPÚBLICA DOMINICANAxHISTORIAy1844-18641 aManzano, Ramiro,eil.1 aRodríguez, José Manuel,eil. 0aBibliografías Dominicana Tobogan